[Event "HUN-chT U18"]
[Site "Budapest"]
[Date "2019.10.28"]
[Round "5.4"]
[White "Sulyok, Eszter"]
[Black "Dan, Marcell"]
[Result "1-0"]
[WhiteElo "1893"]
[BlackElo "1542"]
[PlyCount "89"]
[EventDate "2019.10.26"]
[EventType "team-swiss"]
[EventRounds "7"]
[EventCountry "HUN"]
[SourceTitle "CBM 192 Extra"]
[Source "Chessbase"]
[SourceDate "2019.11.06"]
[SourceVersion "1"]
[SourceVersionDate "2019.11.06"]
[SourceQuality "1"]
[WhiteTeam "Penzugyor"]
[BlackTeam "Nyiregyhaza VSC"]
[WhiteTeamCountry "HUN"]
[BlackTeamCountry "HUN"]

1. c4 c6 2. g3 d5 3. Bg2 Nf6 4. Nf3 Bf5 5. b3 Nbd7 6. Bb2 e6 7. 0-0 Bd6 8. d4 0-0 9. Nbd2 Re8 10. Re1 Bg6 11. Rc1 dxc4 12. Nxc4 Qe7 13. Nfd2 Rac8 14. e4 Bb4 15. a3 Bxd2 16. Qxd2 Nb6 17. Qa5 Nxc4 18. bxc4 b6 19. Qa4 Qb7 20. d5 exd5 21. exd5 Rxe1+ 22. Rxe1 cxd5 23. cxd5 Qd7 24. Qd4 Rd8 25. Rd1 Ne8 26. Bc3 f6 27. Re1 Bf7 28. Bb4 Nc7 29. Be7 Rc8 30. d6 Ne8 31. Bf3 Rc4 32. Qd3 Rc8 33. Bd5 Bxd5 34. Qxd5+ Kh8 35. Qe6 Qxe6 36. Rxe6 Rc1+ 37. Kg2 Rd1 38. Bf8 Kg8 39. Rxe8 Kf7 40. Ra8 a5 41. Be7 Ke6 42. Ra6 Rb1 43. Bd8 Kxd6 44. Rxb6+ Rxb6 45. Bxb6 1-0